Comarcas de Castilla-La Mancha en un mapa - Estadísticas

Estadísticas generales
  • Esta prueba ha sido intentada 102 veces
  • La puntuación promedio es 14 de 37
Respuestas en el mapa
Las respuestas están codificadas por una escala verde-roja en el mapa de la prueba según el % correcto abajo.
 
Estadísticas de respuestas
Respuesta % Correcto
Toledo
87%
La Mancha de Toledo
85%
Albacete
84%
Talavera
78%
La Mancha de Albacete
76%
La Mancha de Ciudad Real
76%
La Alcarria de Brihuega
69%
La Alcarria de Cuenca
69%
La Alcarria de Guadalajara
69%
La Manchuela de Cuenca
61%
El Campo de Hellín
57%
La Sagra de Toledo
52%
Los Montes de Toledo
49%
Los Montes de Toledo de Ciudad Real
49%
El Campo de Calatrava
46%
La Sierra de Alcaraz y el Campo de Montiel de Albacete
42%
La Manchuela de Albacete
37%
La Sierra Morena de Ciudad Real
37%
El Campo de Montiel de Ciudad Real
34%
La Jara
28%
Torrijos
24%
El Señorío de Molina
19%
La Campiña de Guadalajara
19%
La Mancha Alta de Cuenca
18%
La Mancha Baja de Cuenca
18%
La Mesa
15%
Monte Ibérico
15%
La Campana
13%
La Serranía Alta
13%
La Serranía Baja
13%
La Serranía Media
13%
El Campichuelo
12%
La Sierra de San Vicente
12%
La Alcúdia
10%
La Sierra del Segura
9%
La Sierra de Atienza y Sigüenza
4%
La Sierra de Tamajón
4%
No se encontraron pruebas coincidentes
Distribución de puntuación
Porcentaje de gente con cada puntuación
Porcentaje por número respondido
Historial de tus puntuaciones
No has intentado esta prueba.